The "A" quiz - Statistics

General Stats
  • This quiz has been taken 54 times
  • The average score is 7 of 14
Answer Stats
Hint Answer % Correct
The first letter of the Alphabet A
100%
Country who won the 2022 football World Cup Argentina
84%
Continent connected to Europe and Africa Asia
82%
Turkey's Capital Ankara
69%
Country lying in the north of Africa Algeria
67%
English football team playing in London Arsenal FC
67%
British singer Adele
60%
Moses' brother Aaron
36%
The person who invented the penicilin Alexander Fleming
33%
FC Barcelona left back from 2011 Jordi Alba
22%
Character from the "Harry Potter" franchise Albus Dumbledore
20%
The word for "tree" in Spanish Arbol
18%
The first letter of the Hebrew alphabet Alef
16%
Former NBA player, nicknamed: "The Answer" Allen Iverson
9%
No matching quizzes found
Score Distribution
Percent of People with Each Score
Percentile by Number Answered
Your Score History
You have not taken this quiz